| 000 | 00341nam a22001097a 4500 | ||
|---|---|---|---|
| 082 |
_a345.54052 _bSHA |
||
| 100 | _aSharma, B.R. | ||
| 245 |
_aScientific Criminal Investigation / _cSharma, B.R. and Revised by Muhammad Mumtaz Faridi |
||
| 260 |
_aLahore : _bImran Law Book House, _c2016. |
||
| 300 |
_a562 p. ; _c24 cm. |
||
| 942 |
_2ddc _cBK |
||
| 999 |
_c592348 _d592348 |
||